000 00664nam a22001337a 4500
040 _cRUA
082 _aAGR TAU 2012 B053 Or.1
100 _aTAUCH, KOURUNN.
245 _asclerotium rolfsii management on mungbean in greenhouse conditions (វិធានការកម្ចាត់ផ្សិតក្លែរ៉ូទីញ៉ូម រូស្ស៊ី លើដំណាំសណ្តែកបាយ ក្នុងលក្ខខណ្ឌផ្ទះកញ្ចក់)
260 _aPhnom Penh
_bRUA
_c2012
300 _ax, 52p.
_bill.
_c29cm.
856 _uhttps://drive.google.com/file/d/1eyDbgMG82g3OqDJ9Bi_pdMfh9NSkQ_tW/view?usp=sharing
942 _cAGR
999 _c1234
_d1234